|
|
|
|
| LEADER |
00000nab a2200000uu 4500 |
| 001 |
vtls011541174 |
| 003 |
SK-MaSNL |
| 005 |
20260303154531.0 |
| 008 |
230222|2011 xo |||||||||||||||||eng| |
| 015 |
|
|
|a SNBRB
|
| 035 |
|
|
|a (urnnbn)urn:nbn:sk:snk:ar-a09tfk
|
| 035 |
|
|
|a (uuid)bd32930c-a431-44db-9a95-a2a93b16d95a
|
| 035 |
|
|
|a urn:nbn:sk:snk-abez8k
|
| 040 |
|
|
|a SNKBUCL
|b slo
|c SNKBUCL
|e AACR2
|
| 041 |
0 |
|
|a eng
|
| 044 |
|
|
|a xo
|c SK
|
| 100 |
1 |
|
|a Gupta, Nisha
|4 aut
|9 1177306
|
| 245 |
1 |
0 |
|a IMPACT OF CULTURE DIMENSIONS ON ROLE MOTIVATION: A MODEL BASED STUDY
|c Nisha Gupta, Rajul Dutt, Smrita Sinha, Ajay Kumar Singh
|
| 246 |
3 |
|
|a VPLYV KULTÚRNYCH DIMENZIÍ NA ÚLOHOVÚ MOTIVÁCIU: MODELOVÁ ŠTÚDIA
|
| 700 |
1 |
|
|a Dutt, Rajul
|4 aut
|9 1177307
|
| 700 |
1 |
|
|a Sinha, Smrita
|4 aut
|9 1177308
|
| 700 |
1 |
|
|a Ajay Kumar SINGH
|4 aut
|9 1177309
|
| 773 |
0 |
|
|t Acta oeconomica et informatica : vedecký časopis pre ekonomiku a informatiku v poľnohospodárstve
|g Roč. 14, č. 2 (2011), s. 29-33
|
| 958 |
|
|
|a OND
|
| 958 |
|
|
|a EUIPO
|
| 958 |
|
|
|a article22
|
| 999 |
|
|
|c 2034921
|d 2036851
|